000 00442nam a2200145Ia 4500
008 181023s9999 xx 000 0 und d
020 _a9781259921735
100 _aKatz, Jerome A.
245 _cJerome A. Katz, Richard P. Green II.--
_aEntrepeneurial small business /
250 _a5th ed
260 _aNew York :
_bMcGraw Hill
_c2018
300 _axxiv, 667 pages.
650 _aEntrepreneurship.
650 _aSmall business -- management.
999 _c359324
_d359324